Pueblos originarios

Pese a los mitos y prejuicios, la Argentina es mestiza. Pueblos originarios propone un recorrido hacia las raíces de nuestra identidad nacional. Cada capítulo de la serie nos permitirá reconocer a la Argentina como una sociedad multicultural y esclarecer el protagonismo pasado y actual de los primer...

Descripción completa

Guardado en:
Autores Corporativos: Canal Encuentro., Ministerio de Educación Ciencia y Tecnología., Educ.ar., Ánima producciones., La Brújula., Magoya Films., Mateina.
Otros Autores: Saccol, Carolina; Productora delegada., Gómez Ortega, Mateo; Dirección general del proyecto.
Formato: Deslizar
Idioma:Undetermined
Publicado: Buenos Aires : Canal Encuentro, 2007.
Series:Colección Encuentro ; 3
Materias:
Acceso en línea:https://www.educ.ar/recursos/50509/mbya-guaranies-i-nanderu-el-creador
Etiquetas: Agregar Etiqueta
Sin Etiquetas, Sea el primero en etiquetar este registro!
LEADER 02236ngm a22003495a 4500
001 CEM.cems021032
008 240417s2007####ag#---############vlund#d
005 20240418131114.0
245 1 0 |a Pueblos originarios  |h [videograbación] /  |c Canal Encuentro. 
260 |a Buenos Aires :  |b Canal Encuentro,  |c 2007. 
300 |a 30'. 
490 1 |a Colección Encuentro ;  |v 3 
520 |a Pese a los mitos y prejuicios, la Argentina es mestiza. Pueblos originarios propone un recorrido hacia las raíces de nuestra identidad nacional. Cada capítulo de la serie nos permitirá reconocer a la Argentina como una sociedad multicultural y esclarecer el protagonismo pasado y actual de los primeros habitantes de nuestro suelo. ¿Quiénes son los selk´nam, los tehuelches, los mbya, los tobas, los mapuches? ¿Cómo viven, piensan y sienten? ¿Cuáles son sus sueños de futuro? Una propuesta audiovisual que nos acerca a la mirada y a la voz de los pueblos originarios en toda su diversidad y riqueza. 
505 0 |a Capítulos incluídos en el DVD -- Programa presentación -- Mbya guaraníes I: Ñanderu, el Creador -- Qom - tobas I: Somos del monte -- Mapuches I: La fuerza de la tierra -- Mapuches II: La fuerza de una cultura -- Mapuches III: La vida en la ciudad -- MICROS INCLUIDOS EN ESTE DVD -- Onas 1 -- Onas 2 -- Tehuelches 1 -- Tehuelches 2 -- Tehuelches 3 -- Tehuelches 4 -- Ideas para el aula -- Duración aproximada por capítulo 30'. Duración total aproximada: 3 horas 
538 |a Soporte: DVD -- Formato: DVD – Peso: 4.10gb -- Resolución: 720 x 576 - 25fps 
110 2 |a Canal Encuentro. 
700 1 |a Saccol, Carolina; Productora delegada. 
700 1 |a Gómez Ortega, Mateo; Dirección general del proyecto. 
710 2 |a Ministerio de Educación Ciencia y Tecnología. 
710 2 |a Educ.ar. 
710 2 |a Ánima producciones. 
710 2 |a La Brújula. 
710 2 |a Magoya Films. 
710 2 |a Mateina. 
653 |a ARGENTINA 
653 |a HISTORIA 
653 |a IDENTIDADES 
653 |a CULTURA 
653 |a DERECHOS 
653 |a LENGUA 
856 |u https://www.educ.ar/recursos/50509/mbya-guaranies-i-nanderu-el-creador 
859 |a CEMS  |b BIB. CEMS - Depto. Recursos Didacticos  |h 982  |i ENC-3  |k DRD  |p 3359.24  |t Ej.1